000 00309nam a2200121Ia 4500
008 250327s9999 xx 000 0 und d
020 _a9781473953246
082 _bBRA
_aCQR
100 _aVIRGINIA BRAUN & VICTORIA CLARKE
_934565
245 0 _aTHEMATIC ANALYSIS:A PRACTICAL GUIDE
260 _bSAGE
942 _cBK
999 _c7365
_d7365